| 000 | 00513nam a2200181Ia 4500 | ||
|---|---|---|---|
| 003 | OSt | ||
| 005 | 20230522144920.0 | ||
| 008 | 210423s1991 xx 000 0 und d | ||
| 040 | _cAL | ||
| 041 | _aeng | ||
| 082 |
_a158.7 _223 _bGHOI |
||
| 100 |
_aGHOSH (P K);GHORPADE (M B). _9110381 |
||
| 245 | _aIndustrial and organizational psychology. | ||
| 260 |
_aMumbai _bHimalaya Publishing House _c1991 |
||
| 365 |
_b250 _cINR |
||
| 906 | _aIndustrail ; Industrial ; organizational ; psychology. | ||
| 942 |
_2ddc _cBK |
||
| 999 |
_c172688 _d172688 |
||